Normal view
MARC view
Entry Geographic Name
001 - CONTROL NUMBER
- control field: 1016
003 - CONTROL NUMBER IDENTIFIER
- control field: csc
005 - DATE AND TIME OF LATEST TRANSACTION
- control field: 20140507162054.0
008 - FIXED-LENGTH DATA ELEMENTS
- fixed length control field: 130522|| aca||aabn | a|a d
040 ## - CATALOGING SOURCE
- Original cataloging agency: csc
- Transcribing agency: csc
151 ## - HEADING--GEOGRAPHIC NAME
- Geographic name: Europe
- General subdivision: History
- Chronological subdivision: 1789-1900.
670 ## - SOURCE DATA FOUND
- Source citation: Work cat.: (csc)245: Hobsbawm, E. J. (Eric J.), 1917- 4838, The age of revolution :, 1997, c1962.